[Event "DEM U12 2025"]
[Site "Willingen GER"]
[Date "2025.06.13"]
[Round "8"]
[White "Martin Fernandez, Félix"]
[Black "Döscher, Rasmus"]
[Result "1/2-1/2"]
[Termination "normal"]
[Board "26"]
[WhiteElo "1723"]
[BlackElo "1569"]
[WhiteClock "00:04:16"]
[BlackClock "00:33:15"]
[PlyCount "63"]
[WhiteFideId "34605622"]
[BlackFideId "34625038"]
[EventCountry "GER"]
[EventRounds "9"]
[EventType "swiss"]
[EventDate "2025.06.07"]

1. e4 {[%clk 01:30:58]} {[%emt 00:00:02]} c6 {[%clk 01:30:44]} {[%emt
00:00:17]} 2. d4 {[%clk 01:31:26]} {[%emt 00:00:02]} d5 {[%clk 01:31:07]}
{[%emt 00:00:07]} 3. e5 {[%clk 01:31:54]} {[%emt 00:00:03]} c5 {[%clk
01:31:24]} {[%emt 00:00:12]} 4. dxc5 {[%clk 01:32:17]} {[%emt 00:00:06]} Nc6
{[%clk 01:31:23]} {[%emt 00:00:31]} 5. Nf3 {[%clk 01:32:42]} {[%emt 00:00:06]}
Bg4 {[%clk 01:30:55]} {[%emt 00:00:57]} 6. c3 {[%clk 01:32:53]} {[%emt
00:00:20]} Bxf3 {[%clk 01:30:04]} {[%emt 00:01:20]} 7. Qxf3 {[%clk 01:33:18]}
{[%emt 00:00:05]} Nxe5 {[%clk 01:29:32]} {[%emt 00:01:02]} 8. Bb5+ {[%clk
01:33:44]} {[%emt 00:00:05]} Nc6 {[%clk 01:28:57]} {[%emt 00:01:05]} 9. c4
{[%clk 01:33:56]} {[%emt 00:00:18]} e6 {[%clk 01:26:15]} {[%emt 00:03:12]} 10.
O-O {[%clk 01:32:37]} {[%emt 00:01:50]} Bxc5 {[%clk 01:24:19]} {[%emt
00:02:25]} 11. Nc3 {[%clk 01:30:58]} {[%emt 00:02:09]} Nge7 {[%clk 01:21:22]}
{[%emt 00:03:26]} 12. Rd1 {[%clk 01:27:55]} {[%emt 00:03:34]} O-O {[%clk
01:16:03]} {[%emt 00:05:48]} 13. cxd5 {[%clk 01:21:57]} {[%emt 00:06:29]} Nd4
{[%clk 01:15:01]} {[%emt 00:01:32]} 14. Qd3 {[%clk 01:17:19]} {[%emt 00:05:08]}
Nxd5 {[%clk 01:13:38]} {[%emt 00:01:53]} 15. Nxd5 {[%clk 01:13:54]} {[%emt
00:03:55]} Qxd5 {[%clk 01:13:39]} {[%emt 00:00:29]} 16. Be3 {[%emt 00:04:07]}
Rfd8 {[%clk 01:13:33]} 17. Bc4 {[%clk 00:57:55]} {[%emt 00:13:28]} Qd6 {[%clk
01:12:35]} {[%emt 00:01:25]} 18. Qe4 {[%clk 00:52:41]} {[%emt 00:05:46]} Qb6
{[%clk 01:08:17]} {[%emt 00:04:48]} 19. Bd3 {[%clk 00:47:03]} {[%emt 00:06:08]}
g6 {[%clk 01:05:55]} {[%emt 00:02:51]} 20. Rac1 {[%clk 00:41:00]} {[%emt
00:06:35]} Rac8 {[%clk 01:04:27]} {[%emt 00:01:58]} 21. b4 {[%clk 00:38:33]}
{[%emt 00:02:56]} Qxb4 {[%clk 00:59:56]} {[%emt 00:05:02]} 22. Rc4 {[%clk
00:32:41]} {[%emt 00:06:21]} Qb6 {[%clk 00:57:02]} {[%emt 00:03:25]} 23. Rb1
{[%clk 00:32:17]} {[%emt 00:00:54]} Qd6 {[%clk 00:55:58]} {[%emt 00:01:34]} 24.
Rxb7 {[%clk 00:26:53]} {[%emt 00:05:54]} Nf5 {[%clk 00:46:22]} {[%emt
00:10:08]} 25. Rxc5 {[%clk 00:20:05]} {[%emt 00:07:17]} Rxc5 {[%clk 00:46:22]}
{[%emt 00:00:30]} 26. Bxc5 {[%clk 00:20:28]} {[%emt 00:00:07]} Qxc5 {[%clk
00:46:28]} {[%emt 00:00:24]} 27. Qf3 {[%clk 00:13:13]} {[%emt 00:07:46]} Qa3
{[%clk 00:44:15]} {[%emt 00:02:43]} 28. Bf1 {[%clk 00:10:00]} {[%emt 00:03:43]}
Qxa2 {[%clk 00:43:20]} {[%emt 00:01:25]} 29. Qc3 {[%clk 00:08:26]} {[%emt
00:02:04]} Qd5 {[%clk 00:39:46]} {[%emt 00:04:03]} 30. Rxa7 {[%clk 00:06:22]}
{[%emt 00:02:34]} Qd6 {[%clk 00:37:44]} {[%emt 00:02:32]} 31. Qf6 {[%clk
00:05:51]} {[%emt 00:01:02]} Rf8 {[%clk 00:33:15]} {[%emt 00:04:58]} 32. g4
{[%clk 00:04:16]} {[%emt 00:02:05]} 1/2-1/2

[Event "DEM U12 2025"]
[Site "Willingen GER"]
[Date "2025.06.13"]
[Round "8"]
[White "Poladli, Firuz"]
[Black "Boroshnev, Dmytro"]
[Result "0-1"]
[Termination "normal"]
[Board "27"]
[WhiteElo "1584"]
[BlackElo "1707"]
[WhiteClock "00:08:27"]
[BlackClock "00:31:20"]
[PlyCount "76"]
[WhiteFideId "13471236"]
[BlackFideId "34163611"]
[EventCountry "GER"]
[EventRounds "9"]
[EventType "swiss"]
[EventDate "2025.06.07"]

1. e4 {[%clk 01:30:57]} {[%emt 00:00:03]} c5 {[%clk 01:30:54]} {[%emt
00:00:06]} 2. Nc3 {[%clk 01:31:17]} {[%emt 00:00:11]} a6 {[%clk 01:31:19]}
{[%emt 00:00:05]} 3. Nge2 {[%clk 01:31:38]} {[%emt 00:00:08]} Nf6 {[%clk
01:31:36]} {[%emt 00:00:13]} 4. g3 {[%clk 01:31:44]} {[%emt 00:00:23]} e5
{[%clk 01:31:53]} {[%emt 00:00:14]} 5. Bg2 {[%clk 01:32:07]} {[%emt 00:00:07]}
b5 {[%clk 01:32:13]} {[%emt 00:00:10]} 6. a3 {[%clk 01:32:11]} {[%emt
00:00:26]} Bb7 {[%clk 01:32:33]} {[%emt 00:00:10]} 7. d3 {[%clk 01:32:17]}
{[%emt 00:00:24]} d6 {[%clk 01:32:52]} {[%emt 00:00:12]} 8. f4 {[%clk
01:31:06]} {[%emt 00:01:39]} Nbd7 {[%clk 01:33:09]} {[%emt 00:00:13]} 9. O-O
{[%clk 01:30:46]} {[%emt 00:00:51]} Be7 {[%clk 01:33:25]} {[%emt 00:00:14]} 10.
Kh1 {[%clk 01:26:36]} {[%emt 00:04:40]} O-O {[%clk 01:32:44]} {[%emt 00:01:11]}
11. Ng1 {[%clk 01:26:57]} {[%emt 00:00:08]} b4 {[%clk 01:29:51]} {[%emt
00:03:23]} 12. axb4 {[%clk 01:27:02]} {[%emt 00:00:26]} cxb4 {[%clk 01:30:17]}
{[%emt 00:00:05]} 13. Na4 {[%clk 01:24:50]} {[%emt 00:02:41]} Bc6 {[%clk
01:28:57]} {[%emt 00:01:50]} 14. c3 {[%clk 01:22:07]} {[%emt 00:03:12]} a5
{[%clk 01:28:46]} {[%emt 00:00:42]} 15. Qc2 {[%clk 01:19:33]} {[%emt 00:03:03]}
Bxa4 {[%clk 01:26:02]} {[%emt 00:03:16]} 16. Rxa4 {[%clk 01:19:00]} {[%emt
00:01:01]} Qc7 {[%clk 01:25:50]} {[%emt 00:00:43]} 17. Qd2 {[%clk 01:13:54]}
{[%emt 00:05:21]} Nc5 {[%clk 01:19:36]} {[%emt 00:06:58]} 18. Ra2 {[%clk
01:07:17]} {[%emt 00:07:03]} Nb3 {[%clk 01:18:25]} {[%emt 00:01:46]} 19. Qd1
{[%emt 00:01:38]} Nxc1 {[%emt 00:00:44]} 20. Qxc1 {[%clk 01:04:49]} {[%emt
00:00:34]} Qb6 {[%clk 01:13:15]} {[%emt 00:05:42]} 21. Qd2 {[%clk 01:02:52]}
{[%emt 00:02:17]} Nd7 {[%clk 01:05:50]} {[%emt 00:08:04]} 22. d4 {[%clk
01:01:47]} {[%emt 00:01:34]} b3 {[%clk 01:02:05]} {[%emt 00:04:16]} 23. Raa1
{[%clk 01:01:59]} {[%emt 00:00:15]} Ra7 {[%clk 01:00:35]} {[%emt 00:02:03]} 24.
Nf3 {[%clk 00:54:46]} {[%emt 00:07:42]} Bf6 {[%clk 00:57:46]} {[%emt 00:03:19]}
25. Bh3 {[%clk 00:52:36]} {[%emt 00:02:39]} Rd8 {[%clk 00:53:58]} {[%emt
00:04:20]} 26. Rfd1 {[%clk 00:49:04]} {[%emt 00:04:01]} exd4 {[%clk 00:45:59]}
{[%emt 00:08:29]} 27. Nxd4 {[%clk 00:43:45]} {[%emt 00:05:48]} Nc5 {[%clk
00:44:12]} {[%emt 00:02:19]} 28. Qe3 {[%clk 00:42:06]} {[%emt 00:02:03]} Re7
{[%clk 00:43:38]} {[%emt 00:01:10]} 29. Bg2 {[%clk 00:38:45]} {[%emt 00:03:42]}
g6 {[%clk 00:35:11]} {[%emt 00:09:08]} 30. e5 {[%clk 00:31:12]} {[%emt
00:08:03]} dxe5 {[%clk 00:35:18]} {[%emt 00:00:23]} 31. Nc6 {[%clk 00:29:58]}
{[%emt 00:01:43]} Rxd1+ {[%clk 00:35:34]} {[%emt 00:00:15]} 32. Rxd1 {[%clk
00:30:07]} {[%emt 00:00:20]} Re6 {[%clk 00:31:30]} {[%emt 00:04:35]} 33. fxe5
{[%clk 00:28:37]} {[%emt 00:02:00]} Rxc6 {[%clk 00:31:17]} {[%emt 00:00:43]}
34. exf6 {[%clk 00:16:42]} {[%emt 00:12:25]} Rxf6 {[%clk 00:30:38]} {[%emt
00:01:09]} 35. Qe8+ {[%clk 00:11:15]} {[%emt 00:05:55]} Kg7 {[%clk 00:31:01]}
{[%emt 00:00:08]} 36. Rd8 {[%clk 00:11:31]} {[%emt 00:00:14]} Ne6 {[%clk
00:30:56]} {[%emt 00:00:36]} 37. Qh8+ {[%clk 00:08:37]} {[%emt 00:03:25]} Kh6
{[%clk 00:31:20]} {[%emt 00:00:05]} 38. Rb8 {[%clk 00:08:27]} {[%emt 00:00:39]}
Qf2 {[%emt 00:03:54]} 0-1

[Event "DEM U12 2025"]
[Site "Willingen GER"]
[Date "2025.06.13"]
[Round "8"]
[White "Beier, Martin"]
[Black "Ishcenko, Volodymyr"]
[Result "1/2-1/2"]
[Termination "normal"]
[Board "28"]
[WhiteElo "1781"]
[BlackElo "1528"]
[WhiteClock "00:10:34"]
[BlackClock "00:00:32"]
[PlyCount "87"]
[WhiteFideId "34631879"]
[BlackFideId "34660208"]
[EventCountry "GER"]
[EventRounds "9"]
[EventType "swiss"]
[EventDate "2025.06.07"]

1. e4 {[%clk 01:30:56]} {[%emt 00:00:04]} e5 {[%clk 01:30:55]} {[%emt
00:00:06]} 2. Nf3 {[%clk 01:31:19]} {[%emt 00:00:06]} Nc6 {[%clk 01:31:20]}
{[%emt 00:00:04]} 3. d4 {[%clk 01:31:41]} {[%emt 00:00:08]} exd4 {[%clk
01:31:39]} {[%emt 00:00:13]} 4. Bc4 {[%clk 01:32:02]} {[%emt 00:00:09]} Bc5
{[%clk 01:30:40]} {[%emt 00:01:26]} 5. c3 {[%clk 01:32:23]} {[%emt 00:00:12]}
Nf6 {[%clk 01:30:24]} {[%emt 00:00:46]} 6. e5 {[%clk 01:32:18]} {[%emt
00:00:35]} d5 {[%clk 01:30:02]} {[%emt 00:00:52]} 7. Bb5 {[%clk 01:32:25]}
{[%emt 00:00:22]} Ne4 {[%clk 01:30:14]} {[%emt 00:00:17]} 8. cxd4 {[%clk
01:32:48]} {[%emt 00:00:08]} Bb4+ {[%clk 01:30:20]} {[%emt 00:00:23]} 9. Bd2
{[%clk 01:32:24]} {[%emt 00:00:55]} Nxd2 {[%clk 01:30:40]} {[%emt 00:00:11]}
10. Nbxd2 {[%clk 01:32:38]} {[%emt 00:00:15]} Bg4 {[%clk 01:31:00]} {[%emt
00:00:10]} 11. Qb3 {[%clk 01:32:40]} {[%emt 00:00:28]} Bxf3 {[%clk 01:26:31]}
{[%emt 00:05:00]} 12. Qxb4 {[%emt 00:02:45]} Bg4 {[%clk 01:24:38]} {[%emt
00:00:01]} 13. Bxc6+ {[%clk 01:32:07]} {[%emt 00:01:08]} bxc6 {[%clk 01:24:56]}
{[%emt 00:00:13]} 14. Nb3 {[%clk 01:32:01]} {[%emt 00:00:37]} Rb8 {[%clk
01:22:33]} {[%emt 00:02:49]} 15. Qc3 {[%clk 01:32:06]} {[%emt 00:00:28]} Bd7
{[%clk 01:21:37]} {[%emt 00:01:25]} 16. O-O {[%clk 01:31:43]} {[%emt 00:00:53]}
O-O {[%clk 01:21:40]} {[%emt 00:00:28]} 17. Nc5 {[%clk 01:29:06]} {[%emt
00:03:08]} Rb6 {[%clk 01:19:15]} {[%emt 00:02:48]} 18. a3 {[%clk 01:27:23]}
{[%emt 00:02:19]} Re8 {[%emt 00:04:42]} 19. Rae1 {[%clk 01:25:16]} Bf5 {[%clk
01:17:29]} {[%emt 00:00:40]} 20. b4 {[%clk 01:22:54]} {[%emt 00:02:53]} Qh4
{[%clk 01:12:02]} {[%emt 00:05:56]} 21. f4 {[%clk 01:19:11]} {[%emt 00:04:14]}
h6 {[%clk 01:02:14]} {[%emt 00:10:17]} 22. Qg3 {[%clk 01:18:25]} {[%emt
00:01:17]} Qxg3 {[%clk 01:02:21]} {[%emt 00:00:24]} 23. hxg3 {[%clk 01:18:43]}
{[%emt 00:00:12]} Kf8 {[%clk 00:37:18]} {[%emt 00:25:32]} 24. Kf2 {[%clk
01:18:33]} {[%emt 00:00:40]} Ra8 {[%clk 00:32:16]} {[%emt 00:05:33]} 25. Rh1
{[%clk 00:57:42]} {[%emt 00:21:15]} a5 {[%clk 00:23:04]} {[%emt 00:09:48]} 26.
bxa5 {[%clk 00:46:07]} {[%emt 00:12:08]} Rxa5 {[%clk 00:18:34]} {[%emt
00:04:57]} 27. Ra1 {[%clk 00:45:12]} {[%emt 00:01:27]} Rb2+ {[%clk 00:17:38]}
{[%emt 00:01:26]} 28. Kf3 {[%clk 00:44:31]} {[%emt 00:01:11]} Rd2 {[%clk
00:15:46]} {[%emt 00:02:22]} 29. Rhd1 {[%clk 00:26:15]} {[%emt 00:18:45]} Rxd1
{[%clk 00:15:30]} {[%emt 00:00:48]} 30. Rxd1 {[%clk 00:26:43]} {[%emt
00:00:01]} Rxa3+ {[%clk 00:15:48]} {[%emt 00:00:12]} 31. Kf2 {[%clk 00:27:12]}
Ra2+ {[%clk 00:05:50]} {[%emt 00:10:27]} 32. Kf3 {[%clk 00:26:43]} {[%emt
00:01:00]} h5 {[%clk 00:05:24]} {[%emt 00:00:55]} 33. Rg1 {[%clk 00:24:14]}
{[%emt 00:03:00]} Ke7 {[%clk 00:00:32]} {[%emt 00:05:23]} 34. Ke3 {[%clk
00:18:54]} {[%emt 00:05:49]} Ra3+ {[%clk 00:00:31]} {[%emt 00:00:32]} 35. Kf2
{[%clk 00:17:50]} {[%emt 00:01:30]} Ra2+ {[%clk 00:00:32]} {[%emt 00:00:33]}
36. Ke3 {[%clk 00:18:12]} {[%emt 00:00:09]} f6 {[%clk 00:00:32]} {[%emt
00:00:30]} 37. Rh1 {[%clk 00:15:20]} {[%emt 00:03:08]} Bg4 {[%clk 00:00:32]}
{[%emt 00:00:43]} 38. Rg1 {[%clk 00:14:13]} {[%emt 00:01:36]} fxe5 {[%clk
00:00:32]} {[%emt 00:00:31]} 39. fxe5 {[%clk 00:14:10]} {[%emt 00:00:33]} g5
{[%clk 00:00:32]} {[%emt 00:00:30]} 40. Rb1 {[%clk 00:11:03]} {[%emt 00:03:36]}
Re2+ {[%clk 00:00:32]} {[%emt 00:00:30]} 41. Kd3 {[%clk 00:11:11]} {[%emt
00:00:18]} Bf5+ {[%clk 00:00:33]} {[%emt 00:00:34]} 42. Kxe2 {[%clk 00:11:05]}
{[%emt 00:00:35]} Bxb1 {[%clk 00:00:55]} {[%emt 00:00:08]} 43. Kf3 {[%clk
00:10:37]} {[%emt 00:00:58]} Bf5 {[%clk 00:00:32]} {[%emt 00:00:54]} 44. Ke3
{[%clk 00:10:34]} {[%emt 00:00:34]} 1/2-1/2

[Event "DEM U12 2025"]
[Site "Willingen GER"]
[Date "2025.06.13"]
[Round "8"]
[White "Classen, Marnin"]
[Black "Shneider, Illia"]
[Result "1-0"]
[Termination "normal"]
[Board "29"]
[WhiteElo "1663"]
[BlackElo "1799"]
[WhiteClock "01:13:51"]
[BlackClock "00:23:53"]
[PlyCount "79"]
[WhiteFideId "34623833"]
[BlackFideId "34166300"]
[EventCountry "GER"]
[EventRounds "9"]
[EventType "swiss"]
[EventDate "2025.06.07"]

1. e4 {[%emt 00:00:02]} c6 {[%clk 01:30:46]} {[%emt 00:00:15]} 2. Nc3 {[%clk
01:31:08]} {[%emt 00:00:20]} d5 {[%clk 01:31:08]} {[%emt 00:00:07]} 3. Nf3
{[%clk 01:31:27]} {[%emt 00:00:12]} Bg4 {[%clk 01:31:26]} {[%emt 00:00:12]} 4.
h3 {[%clk 01:31:28]} {[%emt 00:00:29]} Bxf3 {[%clk 01:31:48]} {[%emt 00:00:07]}
5. Qxf3 {[%clk 01:31:50]} {[%emt 00:00:09]} e6 {[%clk 01:32:10]} {[%emt
00:00:08]} 6. Be2 {[%clk 01:32:04]} {[%emt 00:00:16]} d4 {[%clk 01:27:10]}
{[%emt 00:05:31]} 7. Nb1 {[%clk 01:32:01]} {[%emt 00:00:32]} e5 {[%clk
01:27:21]} {[%emt 00:00:19]} 8. d3 {[%clk 01:32:16]} {[%emt 00:00:16]} Nf6
{[%clk 01:27:35]} {[%emt 00:00:16]} 9. Qg3 {[%clk 01:32:31]} {[%emt 00:00:14]}
Nbd7 {[%clk 01:27:53]} {[%emt 00:00:12]} 10. O-O {[%clk 01:32:49]} {[%emt
00:00:12]} Qc7 {[%clk 01:27:29]} {[%emt 00:00:53]} 11. Nd2 {[%clk 01:33:01]}
{[%emt 00:00:17]} O-O-O {[%clk 01:23:57]} {[%emt 00:04:03]} 12. Nc4 {[%clk
01:31:59]} {[%emt 00:01:33]} b5 {[%clk 01:18:19]} {[%emt 00:06:09]} 13. Nd2
{[%clk 01:32:05]} {[%emt 00:00:23]} Nc5 {[%clk 01:17:26]} {[%emt 00:01:23]} 14.
Nb3 {[%clk 01:27:54]} {[%emt 00:04:42]} Nxb3 {[%clk 01:17:01]} {[%emt
00:00:53]} 15. axb3 {[%clk 01:28:14]} {[%emt 00:00:10]} Rg8 {[%clk 01:16:28]}
{[%emt 00:01:03]} 16. Bd2 {[%clk 01:28:30]} {[%emt 00:00:14]} Bc5 {[%clk
01:16:28]} {[%emt 00:00:31]} 17. Ra6 {[%clk 01:27:50]} {[%emt 00:01:11]} Kd7
{[%clk 01:11:34]} {[%emt 00:05:23]} 18. Rfa1 {[%clk 01:26:56]} {[%emt
00:01:24]} Ra8 {[%clk 01:00:37]} {[%emt 00:11:27]} 19. Qg5 {[%clk 01:21:48]}
{[%emt 00:05:38]} Qd6 {[%clk 00:50:44]} {[%emt 00:10:23]} 20. Ba5 {[%clk
01:16:47]} {[%emt 00:05:31]} h6 {[%clk 00:38:42]} {[%emt 00:12:30]} 21. Qg3
{[%clk 01:16:13]} {[%emt 00:01:05]} Qb8 {[%clk 00:35:34]} {[%emt 00:03:39]} 22.
Bg4+ {[%clk 01:13:48]} {[%emt 00:02:55]} Nxg4 {[%clk 00:34:26]} {[%emt
00:01:38]} 23. Qxg4+ {[%clk 01:13:08]} {[%emt 00:01:10]} Ke7 {[%clk 00:27:47]}
{[%emt 00:07:09]} 24. b4 {[%clk 01:10:28]} {[%emt 00:03:10]} Bd6 {[%clk
00:27:56]} {[%emt 00:00:21]} 25. Bb6 {[%clk 01:10:26]} {[%emt 00:00:32]} axb6
{[%clk 00:24:48]} {[%emt 00:03:39]} 26. Rxa8 {[%clk 01:10:45]} {[%emt
00:00:10]} Qxa8 {[%clk 00:25:13]} {[%emt 00:00:06]} 27. Rxa8 {[%clk 01:11:09]}
{[%emt 00:00:05]} Rxa8 {[%clk 00:25:39]} {[%emt 00:00:04]} 28. Qxg7 {[%clk
01:11:21]} {[%emt 00:00:18]} Ra2 {[%clk 00:26:01]} {[%emt 00:00:08]} 29. Qxh6
{[%clk 01:11:26]} {[%emt 00:00:25]} Rxb2 {[%clk 00:25:20]} {[%emt 00:01:10]}
30. Qg5+ {[%clk 01:11:35]} {[%emt 00:00:21]} Kd7 {[%clk 00:25:25]} {[%emt
00:00:25]} 31. Qf5+ {[%clk 01:11:29]} {[%emt 00:00:36]} Ke7 {[%clk 00:25:47]}
{[%emt 00:00:10]} 32. h4 {[%clk 01:11:45]} {[%emt 00:00:12]} Rxc2 {[%clk
00:24:13]} {[%emt 00:02:05]} 33. h5 {[%clk 01:12:07]} {[%emt 00:00:08]} Ra2
{[%clk 00:24:15]} {[%emt 00:00:28]} 34. h6 {[%clk 01:12:19]} {[%emt 00:00:18]}
Ra8 {[%clk 00:24:32]} {[%emt 00:00:14]} 35. Qg5+ {[%clk 01:12:21]} {[%emt
00:00:26]} Ke6 {[%clk 00:23:01]} {[%emt 00:02:02]} 36. h7 {[%clk 01:12:41]}
{[%emt 00:00:11]} Bxb4 {[%clk 00:23:06]} {[%emt 00:00:25]} 37. Qg8 {[%clk
01:12:56]} {[%emt 00:00:14]} Rxg8 {[%clk 00:23:28]} {[%emt 00:00:08]} 38.
hxg8=Q {[%clk 01:13:20]} {[%emt 00:00:06]} Bc5 {[%clk 00:23:37]} {[%emt
00:00:21]} 39. Qe8+ {[%clk 01:13:27]} {[%emt 00:00:23]} Kf6 {[%clk 00:23:53]}
{[%emt 00:00:14]} 40. Qxc6+ {[%clk 01:13:51]} {[%emt 00:00:07]} 1-0